Detalles MARC
| 003 - IDENTIFICADOR DEL NÚMERO DE CONTROL |
| campo de control |
CO-MdUADB |
| 005 - FECHA Y HORA DE LA ÚLTIMA TRANSACCIÓN |
| campo de control |
20250312084507.0 |
| 007 - CAMPO FIJO DE DESCRIPCIÓN FÍSICA--INFORMACIÓN GENERAL |
| campo de control de longitud fija |
ta |
| 008 - DATOS DE LONGITUD FIJA--INFORMACIÓN GENERAL |
| campo de control de longitud fija |
230328s1988 ck |||gr|||| 001 0 spa d |
| 020 ## - NÚMERO INTERNACIONAL ESTÁNDAR DEL LIBRO |
| Número Internacional Estándar del Libro |
9589009271 |
| 040 ## - FUENTE DE LA CATALOGACIÓN |
| Centro catalogador/agencia de origen |
CO-MdUADB |
| Lengua de catalogación |
spa |
| Centro/agencia transcriptor |
CO-MdUADB |
| Normas de descripción |
rda |
| 041 0# - CÓDIGO DE LENGUA |
| Código de lengua del texto/banda sonora o título independiente |
spa |
| 082 04 - NÚMERO DE LA CLASIFICACIÓN DECIMAL DEWEY |
| Número de clasificación |
306.098 |
| 100 1# - ENTRADA PRINCIPAL--NOMBRE DE PERSONA |
| Nombre de persona |
Guadarrama González, Pablo Manuel, |
| Fechas asociadas al nombre |
1949- |
| Término indicativo de función/relación |
Autor/a |
| 9 (RLIN) |
350317 |
| 245 10 - MENCIÓN DE TÍTULO |
| Título |
Lo universal y lo específico en la cultura / |
| Mención de responsabilidad, etc. |
Pablo Guadarrama González [y] Nikolai Pereliguin |
| 264 #1 - PRODUCCIÓN, PUBLICACIÓN, DISTRIBUCIÓN, FABRICACIÓN Y COPYRIGHT |
| Producción, publicación, distribución, fabricación y copyright |
Santa Clara, Cuba ; |
| -- |
Bogotá : |
| Nombre del de productor, editor, distribuidor, fabricante |
Universidad Central "Marta Abreu" de Las Villas ; |
| -- |
Universidad INNCA de Colombia, |
| Fecha de producción, publicación, distribución, fabricación o copyright |
1988 |
| 300 ## - DESCRIPCIÓN FÍSICA |
| Extensión |
xxiv, 169 páginas ; |
| Dimensiones |
23 cm. |
| 336 ## - TIPO DE CONTENIDO |
| Fuente |
rdacontent |
| Término de tipo de contenido |
texto |
| Código de tipo de contenido |
txt |
| 337 ## - TIPO DE MEDIO |
| Fuente |
rdamedia |
| Nombre/término del tipo de medio |
no mediado |
| Código del tipo de medio |
n |
| 338 ## - TIPO DE SOPORTE |
| Fuente |
rdacarrier |
| Nombre/término del tipo de soporte |
volumen |
| Código del tipo de soporte |
nc |
| 377 ## - IDIOMA ASOCIADO |
| Código del idioma |
spa |
| Término de lengua/lenguaje |
Español |
| 380 #7 - FORMA DE LA OBRA |
| Fuente del término |
lemb |
| Forma de la obra |
Libros de texto |
| 490 0# - MENCIÓN DE SERIE |
| Mención de serie |
(Filosofía, Ciencia, Política) |
| 500 ## - NOTA GENERAL |
| Nota general |
BIBLIOTECA CARLOS GAVIRIA DÍAZ : DEDICATORIA : Libro impreso con dedicatoria a Carlos Gaviria Díaz. |
| 504 ## - NOTA DE BIBLIOGRAFÍA, ETC. |
| Nota de bibliografía, etc. |
Bibliografía : páginas 155-159. |
| 505 20 - NOTA DE CONTENIDO CON FORMATO |
| Título |
Capítulo I. "Problemas teóricos de la cultura" -- |
| -- |
Capítulo II. "La autenticidad cultural de América Latina". |
| 521 ## - NOTA DE PÚBLICO DESTINATARIO |
| Nota de público destinatario |
Público destinatario : Público general. |
| 650 #0 - PUNTO DE ACCESO ADICIONAL DE MATERIA--TÉRMINO DE MATERIA |
| Término de materia o nombre geográfico como elemento de entrada |
Cultura - América Latina |
| 9 (RLIN) |
42564 |
| 650 #4 - PUNTO DE ACCESO ADICIONAL DE MATERIA--TÉRMINO DE MATERIA |
| Término de materia o nombre geográfico como elemento de entrada |
Filosofía y cultura |
| 9 (RLIN) |
23033 |
| 650 #4 - PUNTO DE ACCESO ADICIONAL DE MATERIA--TÉRMINO DE MATERIA |
| Término de materia o nombre geográfico como elemento de entrada |
Movimiento crítico |
| 9 (RLIN) |
77645 |
| 651 #4 - PUNTO DE ACCESO ADICIONAL DE MATERIA--NOMBRE GEOGRÁFICO |
| Nombre geográfico |
América Latina |
| Subdivisión general |
Aspectos culturales |
| 700 1# - ENTRADA AGREGADA--NOMBRE PERSONAL |
| Nombre de persona |
Pereliguin, Nicolai, |
| Término indicativo de función/relación |
Autor/a |
| 9 (RLIN) |
483881 |
| 700 1# - ENTRADA AGREGADA--NOMBRE PERSONAL |
| Nombre de persona |
Quijano Caballero, Jaime, |
| Fechas asociadas al nombre |
1917-1991 |
| Término indicativo de función/relación |
Editor/a |
| 942 ## - ELEMENTOS DE ENTRADA AGREGADA (KOHA) |
| Fuente del sistema de clasificación o colocación |
Clasificación Decimal Dewey |
| Tipo de ítem Koha |
Libros |